ბათუმის შოთა რუსთაველის სახელმწიფო უნივერსიტეტის ბიბლიოთეკა

Georgian's path to the multilateral trading System / (ბიბ.ჩანაწერი № 62759)

000 -LEADER
fixed length control field 00785nam a22002177a 4500
005 - DATE AND TIME OF LATEST TRANSACTION
control field 20250210101941.0
008 - FIXED-LENGTH DATA ELEMENTS--GENERAL INFORMATION
fixed length control field 250210s2003 ge ||||| |||| 00| 0 geo d
020 ## - INTERNATIONAL STANDARD BOOK NUMBER
International Standard Book Number 9992827415x
041 ## - LANGUAGE CODE
Language code of text/sound track or separate title geo
080 ## - UNIVERSAL DECIMAL CLASSIFICATION NUMBER
Universal Decimal Classification number 339.54 ; 061. 1(100) K-25
100 ## - MAIN ENTRY--PERSONAL NAME
Personal name Kavadze, Amiran
9 (RLIN) 24279
245 ## - TITLE STATEMENT
Title Georgian's path to the multilateral trading System /
Statement of responsibility, etc. A. Kavadze, M. Ukleba, V. Katamadze; Editor N. Tinikashvili.
264 ## - PRODUCTION, PUBLICATION, DISTRIBUTION, MANUFACTURE, AND COPYRIGHT NOTICE
Place of production, publication, distribution, manufacture Tbilisi,
Date of production, publication, distribution, manufacture, or copyright notice 2003.
300 ## - PHYSICAL DESCRIPTION
Extent 432 p.;
Other physical details 27 cm.
653 ## - INDEX TERM--UNCONTROLLED
keyword სავაჭრო სისტემა
653 ## - INDEX TERM--UNCONTROLLED
keyword ეკონომიკა
700 ## - ADDED ENTRY--PERSONAL NAME
Personal name Ukleba, M.
Relator term ავტორი
9 (RLIN) 24280
700 ## - ADDED ENTRY--PERSONAL NAME
Personal name Katamadze, V.
Relator term ავტორი
9 (RLIN) 24281
700 ## - ADDED ENTRY--PERSONAL NAME
Personal name Tinikashvili, N.
Relator term რედაქტორი
9 (RLIN) 24282
942 ## - ADDED ENTRY ELEMENTS (KOHA)
Source of classification or shelving scheme
Koha item type წიგნი
ეგზემპლარები
Withdrawn status Lost status Source of classification or shelving scheme Damaged status Not for loan Permanent Location Current Location Shelving location Date acquired Cost, normal purchase price Full call number Barcode Date last seen Copy number Price effective from Koha item type Public note
          ბათუმის შოთა რუსთაველის სახელმწიფო უნივერსიტეტის მთავარი ბიბლიოთეკა ბათუმის შოთა რუსთაველის სახელმწიფო უნივერსიტეტის მთავარი ბიბლიოთეკა წიგნსაცავი 2025-02-10 12.00 339.54 ; 061. 1(100) K-25 70584 2025-02-10 70584 2025-02-10 წიგნი 12 ლ.